[Event "Toronto NAYCC U18"]
[Site "Toronto"]
[Date "2013.08.17"]
[Round "7"]
[White "MacDonald, Sydney"]
[Black "Farrant Diaz, Nathan"]
[Result "1-0"]
[WhiteElo "725"]
[BlackElo "1906"]
[PlyCount "52"]
[EventDate "2013.08.14"]
[EventType "swiss"]
[EventRounds "9"]
[EventCountry "CAN"]
[SourceTitle "EXT 2022"]
[Source "ChessBase"]
[SourceDate "2021.10.06"]
[SourceVersion "1"]
[SourceVersionDate "2021.10.06"]
[SourceQuality "1"]

1. e4 g6 2. d4 Bg7 3. Be3 d6 4. Nc3 a6 5. a4 Nc6 6. Nf3 Nf6 7. h3 0-0 8. Qd2 e5 9. dxe5 dxe5 10. Rd1 Be6 11. Ng5 Qe7 12. Nxe6 Qxe6 13. Bd3 Rad8 14. 0-0 Nd4 15. f3 c5 16. b3 Nh5 17. Kh2 b5 18. axb5 axb5 19. Nd5 f5 20. g4 fxe4 21. fxe4 Rf3 22. Bxd4 Rxf1 23. Rxf1 exd4 24. gxh5 Be5+ 25. Kg2 gxh5 26. Qg5+ Kh8 1-0

[Event "Toronto NAYCC U18"]
[Site "Toronto"]
[Date "2013.08.16"]
[Round "5"]
[White "MacDonald, Sydney"]
[Black "Schneider, Thomas G"]
[Result "0-1"]
[WhiteElo "725"]
[BlackElo "1952"]
[PlyCount "50"]
[EventDate "2013.08.14"]
[EventType "swiss"]
[EventRounds "9"]
[EventCountry "CAN"]
[SourceTitle "EXT 2022"]
[Source "ChessBase"]
[SourceDate "2021.10.06"]
[SourceVersion "1"]
[SourceVersionDate "2021.10.06"]
[SourceQuality "1"]

1. e4 e5 2. Nf3 Nc6 3. Bc4 Bc5 4. c3 Nf6 5. d3 d6 6. 0-0 Bg4 7. b4 Bb6 8. a4 a5 9. b5 Ne7 10. Re1 Ng6 11. h3 Bd7 12. d4 Qe7 13. Bd3 0-0 14. d5 Nh5 15. Qc2 Ngf4 16. Bf1 Qf6 17. Kh2 Nxh3 18. Be3 N3f4 19. Nbd2 Bxe3 20. fxe3 Ng6 21. Re2 Qe7 22. Rf2 f5 23. exf5 Bxf5 24. Bd3 Bxd3 25. Qxd3 Nf6 0-1